| 000 | 00505nam a22001697a 4500 | ||
|---|---|---|---|
| 003 | BD-DhUL | ||
| 005 | 20190829103715.0 | ||
| 008 | 190829s1904 ii ||||| |||| 00| 0 urd d | ||
| 040 |
_aBD-DhUL _cBD-DhUL |
||
| 082 |
_a954 _bSYA |
||
| 100 | 3 | _aشید احمد خان | |
| 245 | 1 | 0 |
_aاثار الصنادید / _cشید احمد خان _b |
| 260 |
_aکان پور : _bنمی پریس، _c۔۱۹۰۴ |
||
| 300 |
_aص۔ مختلف صفات ؛ _c۲۴ سم۔ |
||
| 650 | 4 | _aIndia - History | |
| 942 |
_2ddc _cBK |
||
| 999 |
_c249476 _d249476 |
||